[Event "CHI-ch sf"]
[Site "Santiago de Chile"]
[Date "2018.12.07"]
[Round "2.2"]
[White "Diaz Dennett, Enzo"]
[Black "Lopez Silva, Hugo Andres"]
[Result "0-1"]
[WhiteElo "2031"]
[BlackElo "2410"]
[PlyCount "100"]
[EventDate "2018.12.07"]
[EventType "swiss"]
[EventRounds "8"]
[EventCountry "CHI"]
[SourceTitle "EXT 2024"]
[Source "ChessBase"]
[SourceDate "2023.10.10"]
[SourceVersion "1"]
[SourceVersionDate "2023.10.10"]
[SourceQuality "1"]

1. e4 e5 2. Nf3 Nc6 3. d4 exd4 4. Nxd4 Bc5 5. Nb3 Bb6 6. Nc3 Nge7 7. Bg5 f6 8. Bh4 d6 9. Qd2 a5 10. a4 0-0 11. 0-0-0 Be6 12. f4 Qe8 13. Bf2 Bxf2 14. Qxf2 Qf7 15. Nd4 Nxd4 16. Rxd4 Nc6 17. f5 Nxd4 18. Qxd4 Kh8 19. fxe6 Qxe6 20. Qd5 Qc8 21. Qf5 Qe8 22. Nb5 Qe7 23. Bd3 Rae8 24. Kb1 Qd8 25. Qh3 Re5 26. Nd4 Qe8 27. g4 Qxa4 28. Nf3 Re7 29. e5 g6 30. Qh6 Kg8 31. exf6 Rxf6 32. Qg5 Qf4 33. Qd5+ Kh8 34. Qg5 Kg7 35. h4 h6 36. Qxf4 Rxf4 37. Nh2 Re3 38. Rf1 Rxf1+ 39. Nxf1 Rh3 40. h5 gxh5 41. gxh5 Rxh5 42. Ng3 Rh3 43. Ne4 h5 44. Kc1 h4 45. Kd2 d5 46. Ng5 Rh1 47. Ke2 h3 48. Kf2 h2 49. Ne6+ Kf6 50. Kg2 Rd1 0-1